Largest Cities on Each Continent Beginning with 'R' - Statistics

General Stats
  • This quiz has been taken 364 times
  • The average score is 11 of 32
Answer Stats
Continent Population Answer % Correct
South America 13,300,000 Rio de Janeiro
96%
Europe 3,500,000 Rome
90%
Asia 8,400,000 Riyadh
86%
Europe 3,275,000 Rotterdam
85%
Africa 2,075,000 Rabat
73%
North America 1,690,000 Raleigh
70%
South America 3,850,000 Recife
70%
North America 1,080,000 Richmond
64%
Europe 1,300,000 Rostov-on-Don
59%
South America 1,380,000 Rosario
58%
Europe 620,974 Rīga
56%
Europe 5,650,000 The Ruhr
50%
Asia 3,550,000 Rāwalpindi
46%
North America 1,182,337 Rochester-Batavia
41%
North America 657,958 Reno-Carson City
32%
Asia 1,123,558 Raipur
18%
Asia 1,950,000 Rājkot
18%
Europe 534,801 Ryazan
18%
Asia 1,470,000 Rānchi
16%
North America 432,216 Rockford-Freeport
11%
Oceania 58,400 Rotorua
11%
Asia 1,270,000 Rìzhào
10%
Oceania 79,602 Rockhampton
9%
North America 837,252 Reynosa
7%
South America 718,070 Ribeirão Preto
5%
South America 385,130 Rio Branco
4%
Africa 311,901 Rustenburg
4%
South America 432,800 Resistencia
3%
Africa 490,120 Ruiru
2%
Africa 123,255 Relizane
1%
Africa 123,890 Rabak
0%
Africa 122,100 Raoued
0%
No matching quizzes found
Score Distribution
Percent of People with Each Score
Percentile by Number Answered
Your Score History
You have not taken this quiz